Reforma verejných financií v Slovenskej republike a jej prínos diplomová práca

Saved in:
Bibliographic Details
Main Author: Mitická, Miroslava
Corporate Author: Národohospodárska fakulta EU. Katedra financií
Other Authors: Baláži, Peter
Format: Book
Language:Slovak
Published: Bratislava 2010
Tags: Add Tag
No Tags, Be the first to tag this record!

MARC

LEADER 00000nam$a2200000$$$4500
001 0118992
005 20240318123313.7
041 0 |a slo 
044 |a SK 
245 1 0 |a Reforma verejných financií v Slovenskej republike a jej prínos  |b diplomová práca  |c Miroslava Mitická ; škol. Peter Baláži 
264 1 |a Bratislava  |c 2010 
300 |a 72 s. 
100 1 |a Mitická, Miroslava 
700 1 |a Baláži, Peter 
710 2 |a Národohospodárska fakulta EU. Katedra financií